| 000 -LEADER |
| fixed length control field |
02164nam a22004817a 4500 |
| 001 - CONTROL NUMBER |
| control field |
1015200250 |
| 003 - CONTROL NUMBER IDENTIFIER |
| control field |
OCoLC |
| 005 - DATE AND TIME OF LATEST TRANSACTION |
| control field |
20241110171145.0 |
| 006 - FIXED-LENGTH DATA ELEMENTS--ADDITIONAL MATERIAL CHARACTERISTICS |
| fixed length control field |
m o d |
| 007 - PHYSICAL DESCRIPTION FIXED FIELD--GENERAL INFORMATION |
| fixed length control field |
cr cn||||||||| |
| 008 - FIXED-LENGTH DATA ELEMENTS--GENERAL INFORMATION |
| fixed length control field |
171211s2018 nyua ob 000 0 eng c |
| 020 ## - INTERNATIONAL STANDARD BOOK NUMBER |
| International Standard Book Number |
9781259860515 |
| 035 ## - SYSTEM CONTROL NUMBER |
| System control number |
(OCoLC)1015200250 |
| 040 ## - CATALOGING SOURCE |
| Original cataloging agency |
INM |
| Language of cataloging |
eng |
| Description conventions |
rda |
| Transcribing agency |
INM |
| 041 ## - LANGUAGE CODE |
| Language code of text/sound track or separate title |
eng |
| 049 ## - LOCAL HOLDINGS (OCLC) |
| Holding library |
YYEA |
| -- |
VZYM |
| 080 ## - UNIVERSAL DECIMAL CLASSIFICATION NUMBER |
| Universal Decimal Classification number |
616.67 |
| Item number |
E-80 |
| 100 1# - MAIN ENTRY--PERSONAL NAME |
| Personal name |
Kane, Robert L., |
| Dates associated with a name |
1940-2017. |
| 245 10 - TITLE STATEMENT |
| Title |
Essentials of clinical geriatrics |
| Statement of responsibility, etc. |
Robert L. Kane, Joseph G. Ouslander, Barbara Resnick, Michael L. Malone. |
| 250 ## - EDITION STATEMENT |
| Edition statement |
8th ed. |
| 260 ## - PUBLICATION, DISTRIBUTION, ETC. |
| Place of publication, distribution, etc. |
[New York] : |
| Name of publisher, distributor, etc. |
McGraw-Hill Education, |
| Date of publication, distribution, etc. |
2018 |
| 300 ## - PHYSICAL DESCRIPTION |
| Extent |
xxiv, 568 pages : |
| Other physical details |
illustrations (chiefly color) |
| 365 ## - TRADE PRICE |
| Price amount |
67.56 usd |
| 500 ## - GENERAL NOTE |
| General note |
Preceded by Essentials of clinical geriatrics / Robert L. Kane [and others]. 2013. |
| 500 ## - GENERAL NOTE |
| General note |
EINSTEIN & MMC: available online via AccessMedicine. See Reference staff for assistance. |
| 504 ## - BIBLIOGRAPHY, ETC. NOTE |
| Bibliography, etc. note |
Includes bibliographical references. |
| 505 0# - FORMATTED CONTENTS NOTE |
| Formatted contents note |
Clinical implications of the aging process -- The geriatric patient: demography, epidemiology, and health services utilization -- Evaluating the geriatric patient -- Chronic disease management -- Prevention -- Delirium and dementia -- Diagnosis and management of depression -- Incontinence -- Falls -- Immobility -- Cardiovascular disorders -- Decreased vitality -- Sensory impairment -- Drug therapy -- High-value health services -- Nursing home care -- Ethical issues in the care of older persons -- Palliative care. |
| 588 ## - SOURCE OF DESCRIPTION NOTE |
| Source of description note |
Description based on print version record; viewed online on December 11, 2017 via AccessMedicine. |
| 650 12 - SUBJECT ADDED ENTRY--TOPICAL TERM |
| Topical term or geographic name entry element |
Geriatrics. |
| 650 22 - SUBJECT ADDED ENTRY--TOPICAL TERM |
| Topical term or geographic name entry element |
Aged. |
| 650 22 - SUBJECT ADDED ENTRY--TOPICAL TERM |
| Topical term or geographic name entry element |
Geriatric Assessment. |
| 650 22 - SUBJECT ADDED ENTRY--TOPICAL TERM |
| Topical term or geographic name entry element |
Aging |
| General subdivision |
psychology. |
| 650 20 - SUBJECT ADDED ENTRY--TOPICAL TERM |
| Topical term or geographic name entry element |
Medicine |
| 9 (RLIN) |
69 |
| 653 ## - INDEX TERM--UNCONTROLLED |
| Uncontrolled term |
გერიატრია |
| 653 ## - INDEX TERM--UNCONTROLLED |
| Uncontrolled term |
დაბერება |
| 653 ## - INDEX TERM--UNCONTROLLED |
| Uncontrolled term |
მედიცინა |
| 653 ## - INDEX TERM--UNCONTROLLED |
| Uncontrolled term |
ფსიქოლოგია |
| 653 ## - INDEX TERM--UNCONTROLLED |
| Uncontrolled term |
ფიზიოლოგია |
| 700 1# - ADDED ENTRY--PERSONAL NAME |
| Personal name |
Ouslander, Joseph G. |
| 700 1# - ADDED ENTRY--PERSONAL NAME |
| Personal name |
Resnick, Barbara. |
| 700 1# - ADDED ENTRY--PERSONAL NAME |
| Personal name |
Malone, Michael L. |
| 942 ## - ADDED ENTRY ELEMENTS (KOHA) |
| Source of classification or shelving scheme |
|
| Koha item type |
Books |
| Edition |
8 |